| 000 | 00911nam a2200181Ia 4500 | ||
|---|---|---|---|
| 008 | 151202s9999||||xx |||||||||||||| ||und|| | ||
| 082 | _bPNVM-68666 | ||
| 100 | _aखोबरेकर वि. गो. | ||
| 245 | _aमहाराष्ट्राचा इतिहास - मराठा कालखंड भाग 2 ( 1707 ते 1818 ). | ||
| 260 | _b"महाराष्ट्र राज्य सा. स. मंडळ ,मुंबई." | ||
| 260 | _c68666 | ||
| 300 | _a779 | ||
| 600 | _aखोबरेकर वि. गो. | ||
| 630 | _aमहाराष्ट्राचा इतिहास - मराठा कालखंड भाग 2 ( 1707 ते 1818 ). | ||
| 700 | _aखोबरेकर वि. गो. | ||
| 730 | _aमहाराष्ट्राचा इतिहास - मराठा कालखंड भाग 2 ( 1707 ते 1818 ). | ||
| 942 | _cBOOK | ||
| 999 |
_c1335176 _d1335173 |
||